[Event "Djenovici TS12"]
[Site "Djenovici"]
[Date "2017.12.25"]
[Round "9"]
[White "Lazarevic, Zoran"]
[Black "Gleizerov, Evgeny"]
[Result "0-1"]
[WhiteElo "1857"]
[BlackElo "2490"]
[PlyCount "60"]
[EventDate "2017.12.16"]
[EventType "tourn"]
[EventRounds "9"]
[EventCountry "MNE"]
[SourceTitle "CBM 182 Extra"]
[Source "ChessBase"]
[SourceDate "2018.02.23"]
[SourceVersion "1"]
[SourceVersionDate "2018.02.23"]
[SourceQuality "1"]

1. c4 e5 2. g3 Nc6 3. Bg2 g6 4. Nc3 Bg7 5. d3 d6 6. e4 h5 7. h3 h4 8. Nf3 hxg3 9. fxg3 Nge7 10. Be3 Nd4 11. h4 Bg4 12. Rf1 Qd7 13. Qd2 0-0-0 14. Ng5 f6 15. Nf7 Nef5 16. exf5 Qxf7 17. Bd5 Qe8 18. Bxd4 exd4+ 19. Be6+ Kb8 20. Ne4 Rh5 21. Qf4 gxf5 22. Bd5 Bh6 23. Qf2 fxe4 24. Bxe4 f5 25. Qxd4 fxe4 26. Kf2 e3+ 27. Kg2 e2 28. Rfe1 Qc6+ 29. Kh2 Qf3 30. Qg1 Rxh4+ 0-1

[Event "Djenovici TS12"]
[Site "Djenovici"]
[Date "2017.12.23"]
[Round "7"]
[White "Lazarevic, Zoran"]
[Black "Ivic, Velimir"]
[Result "0-1"]
[WhiteElo "1857"]
[BlackElo "2344"]
[PlyCount "88"]
[EventDate "2017.12.16"]
[EventType "tourn"]
[EventRounds "9"]
[EventCountry "MNE"]
[SourceTitle "CBM 182 Extra"]
[Source "ChessBase"]
[SourceDate "2018.02.23"]
[SourceVersion "1"]
[SourceVersionDate "2018.02.23"]
[SourceQuality "1"]

1. c4 e5 2. Nc3 Nc6 3. g3 g6 4. Bg2 Bg7 5. d3 d6 6. e4 Nge7 7. Nge2 0-0 8. 0-0 f5 9. h3 Be6 10. f4 Qd7 11. Kh2 fxe4 12. Nxe4 Kh8 13. Rb1 exf4 14. Nxf4 Bg8 15. b3 Nf5 16. Qd2 Rae8 17. Bb2 Bxb2 18. Rxb2 Qg7 19. Qc1 Ncd4 20. Rbf2 Qe5 21. Kh1 Kg7 22. Nh5+ gxh5 23. Qg5+ Kh8 24. Qxh5 Qg7 25. Rxf5 Nxf5 26. Rxf5 Rxf5 27. Qxe8 Rf8 28. Qb5 c6 29. Qa5 d5 30. cxd5 cxd5 31. Nc3 Qxg3 32. Nxd5 Rf2 33. Ne3 Re2 34. Qc3+ Qg7 35. Qc1 Qe5 36. Nf1 Rxa2 37. Qc8 b5 38. b4 a5 39. Ne3 Ra1+ 40. Nf1 axb4 41. Qf8 b3 42. d4 Qxd4 43. Kh2 b2 44. Ne3 Qe5+ 0-1

[Event "Podgorica Buducnost op 1st"]
[Site "Podgorica"]
[Date "2015.03.16"]
[Round "1"]
[White "Kisic, Bozidar"]
[Black "Lazarevic, Zoran"]
[Result "1/2-1/2"]
[WhiteElo "2161"]
[BlackElo "1809"]
[PlyCount "44"]
[EventDate "2015.03.16"]
[EventType "swiss"]
[EventRounds "7"]
[EventCountry "MNE"]
[SourceTitle "EXT 2018"]
[Source "ChessBase"]
[SourceDate "2017.10.13"]
[SourceVersion "1"]
[SourceVersionDate "2017.10.13"]
[SourceQuality "1"]

1. d4 d5 2. Bg5 Nc6 3. e3 Nf6 4. Bxf6 exf6 5. c4 Bb4+ 6. Nc3 Be6 7. cxd5 Bxd5 8. Nf3 0-0 9. Be2 a6 10. 0-0 Re8 11. Nxd5 Qxd5 12. a3 Ba5 13. Rc1 Rad8 14. b4 Bb6 15. Bc4 Qh5 16. Qb3 Rd6 17. a4 f5 18. a5 Ba7 19. Qa4 Rg6 20. Ne5 Rxe5 21. dxe5 Rxg2+ 22. Kxg2 Qg4+ 1/2-1/2

[Event "MNT-chTA"]
[Site "Cetinje"]
[Date "2012.09.23"]
[Round "6"]
[White "Cerovic, Vukoman"]
[Black "Lazarevic, Zoran"]
[Result "1-0"]
[WhiteElo "1988"]
[BlackElo "2095"]
[PlyCount "97"]
[EventDate "2012.09.07"]
[EventType "team-tourn"]
[EventRounds "9"]
[EventCountry "MNE"]
[SourceTitle "CBM 150 Extra"]
[Source "ChessBase"]
[SourceDate "2012.10.19"]
[SourceVersion "1"]
[SourceVersionDate "2012.10.19"]
[SourceQuality "1"]

1. e4 c5 2. f4 d6 3. Nf3 e6 4. d4 cxd4 5. Nxd4 Nc6 6. Nc3 a6 7. Be3 Qc7 8. g4 Nge7 9. Nde2 Bd7 10. Bg2 g6 11. Bf2 f5 12. gxf5 gxf5 13. exf5 Nxf5 14. Ng3 Nxg3 15. hxg3 Qa5 16. Qh5+ Qxh5 17. Rxh5 Bg7 18. 0-0-0 Bxc3 19. bxc3 d5 20. Rdh1 0-0-0 21. Rxh7 Rhg8 22. Bf3 Rde8 23. Bh5 Re7 24. Bf3 Reg7 25. R1h4 Nd8 26. Rxg7 Rxg7 27. g4 Nc6 28. Bb6 Ne7 29. Kd2 Ng6 30. Rh5 Rg8 31. Rg5 Ne7 32. Rh5 Ng6 33. Rg5 Ne7 34. Rxg8+ Nxg8 35. Ke3 Bc6 36. Kd4 Kd7 37. f5 Nh6 38. Ke5 exf5 39. gxf5 Nf7+ 40. Kf6 Nd6 41. Kg6 Nc8 42. Bc5 b6 43. Ba3 Ba4 44. Bd1 Ne7+ 45. Bxe7 Kxe7 46. Kg7 Be8 47. f6+ Kd6 48. Be2 b5 49. Bd3 1-0